Connoisseurship and Art History. Reflection on a Problematic Relationship

Bibliographic Details
Main Author: Elsig, Frédéric, 1972- (Author)
Format: Article
Language:Slovak
English
ISSN:0044-9008
Subjects:

MARC

LEADER 00000nab a2200000 a 4500
001 vtls010041923
003 SK-MaSNL
005 20260318124529.0
008 140402c2009 xo fr|p|||||||000 b|slo
015 |a SNBRB2010/01  |2 snkbucl 
038 |a SNKBUCL 
040 |a SNKBUCL  |b slo  |c SNKBUCL  |e AACR2 
041 0 |a eng  |b slo 
044 |a xo  |c SK 
080 |a 7.072.5  |2 2001 
100 1 |a Elsig, Frédéric,  |d 1972-  |4 aut  |9 65572 
245 1 0 |a Connoisseurship and Art History. Reflection on a Problematic Relationship  |c Frédéric Elsig 
500 |a Poznámky pod čiarou 
546 |a Res. slov. 
650 0 7 |a dejiny umenia  |2 snkbucl  |9 1066 
650 0 7 |a historiografia umenia  |2 snkucl  |9 66680 
650 0 7 |a znalecká činnosť  |2 snkbucl  |9 70117 
773 0 |t Ars  |g Roč. 42, č. 1 (2009), s. 109-114  |x 0044-9008 
852 |a SNK  |b KIS3GCP 
999 |c 2215899  |d 2217829